000 00518 a2200157 4500
020 _a 812970708
040 _aDLC
_bDLC
082 _a005.133
100 _a Kalinovsky,Alex
245 _aCovert Java: techniques for decompiling, patching, and reverse engineering
_cAlex, Kalinovsky
260 _aIndianapolis, Ind. :
_b Sams,
_cc2004.
300 _a x, 268 p. :
_b ill. ;
_c 24 cm.
500 _aIncludes bibliographical references and index
650 _aJava(Computer Program Language)
942 _cBK
_k005.133 KAL
_2ddc
999 _c5980
_d5980